00461nam a22001572 4500001001100000005001700011008004100028040001500069100003800084245004500122250001300167260004100180300001100221610006800232852000300300000001169520151217155845.0090104s xx 000 0 eng d aKABUcKABU1 aAllen-Lodge, Dorothy.@000016766810aAfrican horizons /cDorothy Allen-Lodge. a1st ed. aRipley, England :bBrittain,c[1951] a80 p.20aWorld's Woman's Christian Temperance UnionzAfrica.@00001676691